Nobelova cena za ekonómiu prvý raz indickému vedcovi
Nobelovu cenu za ekonómiu v roku 1998 získal indický vedec Amartja Sén. Cenu dostal za prínos pri výskumoch základných otázok týkajúcich sa sociálneho zabezpečenia spoločnosti. Svojím dielom sa zaslúžil "o navrátenie etických rozmerov do diskusie o životných ekonomických problémoch".
Na minha lista:
| Formato: | Capítulo de Livro |
|---|---|
| Idioma: | eslovaco |
| Assuntos: | |
| Tags: |
Sem tags, seja o primeiro a adicionar uma tag!
|
MARC
| LEADER | 00000naa a2200000 4500 | ||
|---|---|---|---|
| 001 | r033154 | ||
| 005 | 20230921102145.9 | ||
| 041 | 0 | |a slo | |
| 044 | |a SK | ||
| 245 | 1 | 0 | |a Nobelova cena za ekonómiu prvý raz indickému vedcovi |
| 520 | |a Nobelovu cenu za ekonómiu v roku 1998 získal indický vedec Amartja Sén. Cenu dostal za prínos pri výskumoch základných otázok týkajúcich sa sociálneho zabezpečenia spoločnosti. Svojím dielom sa zaslúžil "o navrátenie etických rozmerov do diskusie o životných ekonomických problémoch". | ||
| 610 | 2 | 0 | |a Nobelova cena |
| 610 | 2 | 0 | |a ekonómia |
| 610 | 2 | 0 | |a zabezpečenie sociálne |
| 610 | 2 | 0 | |a Sén, A. |
| 610 | 2 | 0 | |a 1998 |